000 00918nam a2200217Ia 4500
003 Ost
005 20260507075408.0
008 260507s9999||||xx |||||||||||||| ||und||
040 _cfsecg
041 _aara
082 _a330
100 _aسرايا، محمد السيد
_eمؤلف
245 0 _aالبنوك التجارية وشركات التأمين /
_c محمد السيد سرايا
260 _aالإسكندرية:
_bدار المطبوعات الجامعية,
_c2008
300 _a553 صفحة؛
_bإيضاحات ؛
_c24 سم
520 _aيضم النظام المحاسبي في البنوك والمصارف التجارية، النظام المحاسبي في شركات التأمين ، إجابة الأسئلة والتمارين والتطبيقات
653 _aالبنوك التجارية
653 _aالمحاسبة
653 _aشركات التأمين
942 _cكتاب
999 _c44340
_d44340